Culture générale - Quiz #31 - Statistiques

Statistiques générales
  • Ce quiz a été pris 69 583 fois
  • Le résultat moyen est 11 sur 20
Statistiques - réponses
Question Réponse % Correct
Quel acteur de film muet portait une moustache semblable à celle d'Adolf Hitler ? Charlie Chaplin
94%
De quel pays les bidonvilles portent-ils le nom de "favelas" ? Le Brésil
93%
Quelle grande ville japonaise est l'anagramme de Tokyo ? Kyoto
92%
Quelle était la coupe de cheveux emblématique du mouvement punk ? La crète iroquoise
88%
Que peut manger un pesco-végétarien, que ne peut manger un végétarien ? Le poisson
87%
Quel pays est dirigé par les talibans ? L'Afghanistan
83%
Quel animal figure sur les armoiries de Richard Ier d'Angleterre ? Le lion
75%
Quel mot, désignant une personne ayant une crainte excessive d'être malade, contient les 6 voyelles de l'alphabet ? Hypocondriaque
74%
Comment appelle-t-on la peur des espaces confinés ? La claustrophobie
73%
Où un Viking espère-t-il aller s'il meurt au combat ? Au Valhalla
64%
À qui est décerné le maillot blanc à pois rouges lors du Tour de France ? Au meilleur grimpeur
58%
Quel personnage de fiction est photographe pour le Daily Bugle ? Spider-Man
45%
Comment appelle-on les westerns de réalisateurs italiens tels que Sergio Leone ? Western spaghetti
40%
Quel produit Jean Nicot a-t-il introduit en France en 1560 pour ses vertues "curatives" ? Le tabac
34%
De tous les pays du monde, lequel a la capitale possédant la plus haute altitude (3 640 m) ? La Bolivie
30%
Quel pays a eu Golda Meir pour Première ministre entre 1969 et 1974 ? Israël
21%
Selon la classification phylogénétique, à quel ordre appartient l'espèce humaine ? Les primates
18%
Quelle religion monothéiste a pour prophète Zarathoustra ? Le zoroastrisme
13%
Dans quelle ville se situent la péninsule de Kowloon et le détroit de Victoria Harbour ? Hong Kong
12%
Quel personnage biblique aurait tué un quart de la population mondiale ? Caïn
11%
Aucun quiz correspondant
Distribution des résultats
% des personnes avec chaque résultat
Percentile par nombre de réponses
Votre historique - résultats
Vous n’avez pas pris ce quiz